Kabale University Library Catalogue

In the name of democracy : (Record no. 6073)

MARC details
000 -LEADER
fixed length control field 01262cam a2200265 a 4500
005 - DATE AND TIME OF LATEST TRANSACTION
control field 20260205145355.0
008 - FIXED-LENGTH DATA ELEMENTS--GENERAL INFORMATION
fixed length control field 910522s1991 cau b s001 0 eng
020 ## - INTERNATIONAL STANDARD BOOK NUMBER
International Standard Book Number 0520073193
Qualifying information alk. paper
020 ## - INTERNATIONAL STANDARD BOOK NUMBER
International Standard Book Number 9780520082601
Qualifying information (alk. paper)
040 ## - CATALOGING SOURCE
Original cataloging agency KABLIB
Transcribing agency KABLIB
Description conventions rda
082 00 - DEWEY DECIMAL CLASSIFICATION NUMBER
Classification number 327.7
Edition number 23
Item number CAR
100 1# - MAIN ENTRY--PERSONAL NAME
Personal name Carothers, Thomas,
Dates associated with a name 1956-
9 (RLIN) 15196
245 10 - TITLE STATEMENT
Title In the name of democracy :
Remainder of title U.S. policy toward Latin America in the Reagan years /
Statement of responsibility, etc. Thomas Carothers.
260 ## - PUBLICATION, DISTRIBUTION, ETC.
Place of publication, distribution, etc. Berkeley :
Name of publisher, distributor, etc. University of California Press,
Date of publication, distribution, etc. c1991.
300 ## - PHYSICAL DESCRIPTION
Extent xii, 309 p. ;
Dimensions 23 cm.
504 ## - BIBLIOGRAPHY, ETC. NOTE
Bibliography, etc. note Includes bibliographical references (p. 287-299), index.
650 #0 - SUBJECT ADDED ENTRY--TOPICAL TERM
Topical term or geographic name entry element Representative government and representation
Geographic subdivision Latin America
General subdivision History
Chronological subdivision 20th century.
9 (RLIN) 15411
651 #0 - SUBJECT ADDED ENTRY--GEOGRAPHIC NAME
Geographic name Latin America
General subdivision Foreign relations
Geographic subdivision United States.
9 (RLIN) 15412
651 #0 - SUBJECT ADDED ENTRY--GEOGRAPHIC NAME
Geographic name United States
General subdivision Foreign relations
Geographic subdivision Latin America.
9 (RLIN) 15413
651 #0 - SUBJECT ADDED ENTRY--GEOGRAPHIC NAME
Geographic name United States
General subdivision Foreign relations
Chronological subdivision 1981-1989.
9 (RLIN) 15351
651 #0 - SUBJECT ADDED ENTRY--GEOGRAPHIC NAME
Geographic name Latin America
General subdivision Politics and government
Chronological subdivision 1980-
9 (RLIN) 15319
856 42 - ELECTRONIC LOCATION AND ACCESS
Materials specified Publisher description
Uniform Resource Identifier <a href="http://www.loc.gov/catdir/enhancements/fy0641/91019947-d.html">http://www.loc.gov/catdir/enhancements/fy0641/91019947-d.html</a>
856 42 - ELECTRONIC LOCATION AND ACCESS
Materials specified Contributor biographical information
Uniform Resource Identifier <a href="http://www.loc.gov/catdir/enhancements/fy0735/91019947-b.html">http://www.loc.gov/catdir/enhancements/fy0735/91019947-b.html</a>
942 ## - ADDED ENTRY ELEMENTS (KOHA)
Source of classification or shelving scheme Dewey Decimal Classification
Koha item type Book
Holdings
Withdrawn status Lost status Source of classification or shelving scheme Damaged status Not for loan Home library Current library Shelving location Date acquired Source of acquisition Total Checkouts Full call number Barcode Date last seen Price effective from Koha item type
    Dewey Decimal Classification     Mukombe Library Mukombe Library Open Access Section 05.02.2026 Donation   327.7 CAR 14473 05.02.2026 05.02.2026 Book

Kabale University Library | Kabale University P.O Box 317, Kabale, Uganda
Tel : +256754017033, +256774661503 E-mail : library@kab.ac.ug